000 00584nam a22001937a 4500
999 _c6080
_d6080
003 AR-CdUCM
008 190313b ||||| |||| 00| 0 spa d
040 _aMUNICIPALIDAD PROVINCIAL DEL CUSCO
_cBIBLIOTECA MUNICIPAL DEL CUSCO
082 _a223.6 /
_bC25
245 _aEl Cantar de Los Cantares /
260 _aBuenos Aires :
_bGuillermo Kraft ;
_c1955.
300 _a121 páginas ;
_c18cm
500 _aDonación de la familia Nieto
505 _aContenido: Cantar de cantares
650 _aLa biblia
_917692
650 _aCantares
_97522
942 _2ddc
_cLIBROS
945 _anom